| 000 | 00679nam a22001697a 4500 | ||
|---|---|---|---|
| 003 | OSt | ||
| 005 | 20160213091658.0 | ||
| 008 | 160115b xxu||||| |||| 00| 0 eng d | ||
| 020 | _a0130438960 | ||
| 082 |
_22001 _aDK12 425.07 _bP927 |
||
| 245 |
_aPrentice Hall writing and grammar : _bcommunication in action : platinum level: writing support activity book/ |
||
| 260 |
_aUpper SaddleRiver,New Jersey : _bPrentice Hall, _cc2001. |
||
| 300 |
_av, 54 pages : _billustrations ; _c28 cm. |
||
| 650 | 0 |
_91756 _aEnglish language _xGrammar _xStudy and teaching (Middle School) |
|
| 650 | 0 |
_91757 _aEnglish language _xComposition and exercises _xStudy and teaching (Middle school) |
|
| 942 |
_2ddc _cBK |
||
| 999 |
_c930 _d930 |
||